| 000 | 01543nam a22003377a 4500 | ||
|---|---|---|---|
| 999 |
_c29538 _d29509 |
||
| 003 | EG-ScBUE | ||
| 005 | 20210930141046.0 | ||
| 008 | 210928s2015 ua o f b 000 0 ara d | ||
| 017 | _a2012/3211 | ||
| 020 | _a9789775053039 | ||
| 040 |
_aEG-ScBUE _bara _erda _cEG-ScBUE _dEG-ScBUE |
||
| 082 | 0 | 4 |
_a320.54095694 _bك ا ر _222 |
| 100 | 1 |
_aكار، وليم غاي، _d1895-1959، _eمؤلف. |
|
| 245 | 1 | 0 |
_aأحجار على رقعة الشطرنج !! : _bهكذا يتلاعب بني صهيون بالعالم : هكذا يتلاعب بني صهيون بالعالم !! / _cإعداد عصام عبدالفتاح ؛ الترجمة الأصلية اوليم جاي كار. |
| 250 | _aالطبعة الثالثة. | ||
| 264 | 1 |
_aالقاهرة : _bشركة الشريف ماس للنشر والتوزيع، _c2015. |
|
| 300 |
_a277 صفحة : _bصور ؛ _c25 سم |
||
| 336 |
_2rdacontent _aنص _btxt |
||
| 337 |
_2rdamedia _aبدون وسيط _bn |
||
| 338 |
_2rdacarrier _aمجلد _bnc |
||
| 541 | _cDonation. | ||
| 546 | _aالنص باللغة العربية وتم ترجمته من اللغة الإنجليزية. | ||
| 650 | 7 |
_aالصهيونية _xتاريخ. _2BUEsh |
|
| 650 | 7 |
_aالصهيونية واليهودية. _2BUEsh |
|
| 650 | 7 |
_aالسياسة الدولية. _2BUEsh |
|
| 650 | 7 |
_aالنزاع العربي الإسرائيلي. _2BUEsh |
|
| 653 | 7 |
_aBUEsh _bGGEN _cSeptember2021 |
|
| 655 | 7 |
_2BUEsh _vReading book _934232 |
|
| 700 | 1 |
_aعبد الفتاح، عصام، _eمعد. |
|
| 942 | _2ddc | ||